000 00680cab a2200217 4500
001 WB3323-39
008 090401t1997 xxu||||| |||| 00| 0 eng d
035 _a(Sirsi) u78935
041 _aeng
245 _aOFT warns of agent bans
260 _c1997
350 _a0
490 _aProperty Week
_v59(11) 13 June 1997, 16(1)
520 _aThe Office of Fair trading has warned that it will ban estate agents caught breaching the Estate Agents Act by engaging in improper or unfair practices.
650 _aBAD PRACTICE
650 _aESTATE AGENTS
650 _aOFT
690 _aMANAGEMENT-BUSINESS MANAGEMENT-PROFESSIONAL PRACTICE
942 _n0
948 _c13/06/1997
999 _c49613
_d49613